[Event "Krefeld op"]
[Site "Krefeld"]
[Date "2022.08.08"]
[Round "8"]
[White "Schuricht, Emil Frederick"]
[Black "Gruendker, Jona"]
[Result "1-0"]
[WhiteElo "1569"]
[BlackElo "1680"]
[PlyCount "77"]
[EventDate "2022.08.04"]
[EventType "swiss"]
[EventRounds "9"]
[EventCountry "GER"]
[SourceTitle "CBM 209 Extra"]
[Source "ChessBase"]
[SourceDate "2022.09.30"]
[SourceVersion "1"]
[SourceVersionDate "2022.09.30"]
[SourceQuality "1"]

1. d4 d5 2. c4 c6 3. cxd5 cxd5 4. Nc3 Nf6 5. Bf4 a6 6. e3 Bf5 7. f3 e6 8. Nge2 Nc6 9. Nc1 Nb4 10. Nd3 h6 11. Nxb4 Qd7 12. Nd3 Be7 13. Ne5 Qd8 14. Bd3 Bxd3 15. Qxd3 0-0 16. 0-0 Nh5 17. Ne2 Nxf4 18. Nxf4 Bd6 19. Rac1 Qg5 20. Nh3 Qe7 21. f4 b5 22. Rc2 Rfc8 23. Rfc1 Rxc2 24. Rxc2 Qh4 25. Nf3 Qe7 26. Nf2 b4 27. Rc6 a5 28. Qc2 Qd7 29. Ne5 Bxe5 30. fxe5 a4 31. Qc5 b3 32. a3 Ra5 33. Qd6 Qe8 34. Qc7 Ra8 35. Nd3 Kh7 36. Nc5 Ra7 37. Qxa7 Qxc6 38. Qxf7 Qb5 39. Nxe6 1-0

[Event "Krefeld op"]
[Site "Krefeld"]
[Date "2022.08.07"]
[Round "6"]
[White "Oliveira, Luis Manuel Farinha"]
[Black "Gruendker, Jona"]
[Result "0-1"]
[WhiteElo "1622"]
[BlackElo "1680"]
[PlyCount "60"]
[EventDate "2022.08.04"]
[EventType "swiss"]
[EventRounds "9"]
[EventCountry "GER"]
[SourceTitle "CBM 209 Extra"]
[Source "ChessBase"]
[SourceDate "2022.09.30"]
[SourceVersion "1"]
[SourceVersionDate "2022.09.30"]
[SourceQuality "1"]

1. d4 d5 2. c4 c6 3. Nc3 Nf6 4. Nf3 dxc4 5. e4 b5 6. e5 Nd5 7. a4 e6 8. axb5 Nxc3 9. bxc3 cxb5 10. Be2 Be7 11. Bxc4 bxc4 12. Qa4+ Nd7 13. Qxc4 0-0 14. 0-0 a5 15. Re1 Bb7 16. Qd3 Nb6 17. Rb1 Bd5 18. Be3 Qc7 19. Rec1 Rfc8 20. Nd2 a4 21. Rxb6 Qxb6 22. c4 Qa6 23. Qf1 a3 24. cxd5 Qxf1+ 25. Rxf1 exd5 26. Nf3 a2 27. Ra1 Rcb8 28. Nd2 Bb4 29. Nb3 Bc3 30. Rc1 Rxb3 0-1

[Event "Krefeld op"]
[Site "Krefeld"]
[Date "2022.08.06"]
[Round "4"]
[White "Reichard, Sven"]
[Black "Gruendker, Jona"]
[Result "1-0"]
[WhiteElo "1468"]
[BlackElo "1680"]
[PlyCount "145"]
[EventDate "2022.08.04"]
[EventType "swiss"]
[EventRounds "9"]
[EventCountry "GER"]
[SourceTitle "CBM 209 Extra"]
[Source "ChessBase"]
[SourceDate "2022.09.30"]
[SourceVersion "1"]
[SourceVersionDate "2022.09.30"]
[SourceQuality "1"]

1. e4 e5 2. Nc3 Nc6 3. Nf3 Nf6 4. d4 exd4 5. Nxd4 Bb4 6. Nxc6 bxc6 7. Qd3 Qe7 8. Bd2 0-0 9. Be2 Bxc3 10. Bxc3 Nxe4 11. Bd4 a5 12. Qe3 Re8 13. 0-0 Ba6 14. Rfe1 Bxe2 15. Rxe2 Qg5 16. Rae1 Qxe3 17. Rxe3 d5 18. f3 Nd6 19. Rxe8+ Nxe8 20. Re7 a4 21. Bc3 h5 22. Kf2 Kf8 23. Re3 Rb8 24. Ke2 Nd6 25. b3 axb3 26. cxb3 Ra8 27. a4 g6 28. Be1 Nf5 29. Rc3 Rb8 30. Bf2 Ke8 31. Bc5 Ra8 32. Rc1 Kd7 33. Kd3 Nd6 34. Ra1 Nb7 35. Bf2 c5 36. Kc2 Kd6 37. Be1 Re8 38. Bg3+ Kc6 39. Kd3 Na5 40. Rb1 c4+ 41. bxc4 Nxc4 42. Bf2 Ra8 43. Ra1 Rxa4 44. Rxa4 Nb2+ 45. Kd4 Nxa4 46. Ke5 f5 47. h4 Nb6 48. Kf6 Kd6 49. Bg3+ Kd7 50. Kxg6 c5 51. Kxh5 d4 52. Kg6 d3 53. Be1 Ke6 54. h5 Nd5 55. h6 Nf6 56. g4 fxg4 57. fxg4 Nxg4 58. h7 Ne5+ 59. Kg7 Nf7 60. Kg6 c4 61. Bc3 Ke7 62. Kg7 Ke8 63. Bb4 c3 64. Bxc3 Ke7 65. Bd2 Ke6 66. Bb4 Nh8 67. Kxh8 Kf7 68. Bd2 Kf8 69. Bc3 Kf7 70. Bb4 d2 71. Bxd2 Kf8 72. Be3 Kf7 73. Bc5 1-0

[Event "Krefeld op"]
[Site "Krefeld"]
[Date "2022.08.05"]
[Round "2"]
[White "Voelker, Werner"]
[Black "Gruendker, Jona"]
[Result "1-0"]
[WhiteElo "1403"]
[BlackElo "1680"]
[PlyCount "41"]
[EventDate "2022.08.04"]
[EventType "swiss"]
[EventRounds "9"]
[EventCountry "GER"]
[SourceTitle "CBM 209 Extra"]
[Source "ChessBase"]
[SourceDate "2022.09.30"]
[SourceVersion "1"]
[SourceVersionDate "2022.09.30"]
[SourceQuality "1"]

1. c4 e5 2. Nc3 Nc6 3. g3 g6 4. Bg2 Bg7 5. Nf3 Nge7 6. 0-0 0-0 7. e3 d5 8. cxd5 Nxd5 9. Nxd5 Qxd5 10. Nd4 Qd6 11. Nxc6 bxc6 12. Qc2 Bb7 13. b3 e4 14. Bb2 Bxb2 15. Qxb2 f5 16. Rfd1 Rfd8 17. Bf1 a5 18. Bc4+ Kf8 19. Qh8+ Ke7 20. Qg7+ Ke8 21. Qf7# 1-0

[Event "Krefeld op"]
[Site "Krefeld"]
[Date "2022.08.04"]
[Round "1"]
[White "Gruendker, Jona"]
[Black "Keller, Peter1111"]
[Result "0-1"]
[WhiteElo "1680"]
[BlackElo "2377"]
[PlyCount "74"]
[EventDate "2022.08.04"]
[EventType "swiss"]
[EventRounds "9"]
[EventCountry "GER"]
[SourceTitle "CBM 209 Extra"]
[Source "ChessBase"]
[SourceDate "2022.09.30"]
[SourceVersion "1"]
[SourceVersionDate "2022.09.30"]
[SourceQuality "1"]

1. e4 e5 2. Nf3 Nc6 3. d4 exd4 4. Nxd4 Nf6 5. Nc3 Bb4 6. Nxc6 bxc6 7. Bd3 d5 8. exd5 0-0 9. dxc6 Bg4 10. Be2 Qe8 11. Be3 Rd8 12. Qc1 Bxe2 13. Kxe2 Qxc6 14. Kf1 Bxc3 15. bxc3 Nd5 16. Bd4 Nxc3 17. Bxc3 Qxc3 18. h4 Rd2 19. Rh3 Qd4 20. Qe1 Rxf2+ 21. Qxf2 Qxa1+ 22. Qe1 Qxa2 23. Qc3 Qb1+ 24. Kf2 Re8 25. Rg3 g6 26. h5 Qb6+ 27. Kf1 Qb5+ 28. Kg1 Qxh5 29. Rd3 Qe5 30. Qc4 Qa1+ 31. Kh2 Re1 32. c3 Rh1+ 33. Kg3 Qe1+ 34. Kf3 Rf1+ 35. Kg4 h5+ 36. Kg5 Rf5+ 37. Kh6 Qc1+ 0-1